[Event "37. Open Barberá del Vallés 2014"]
[Site "Barberá del Vallés ESP"]
[Date "2014.07.07"]
[Round "4.13"]
[White "Canal Oliveras, Joan"]
[Black "Sanchez Enriquez, Oscar Gerard"]
[Result "0-1"]
[WhiteElo "2250"]
[BlackElo "2401"]
[PlyCount "50"]
[EventDate "2014.07.04"]
[EventType "swiss"]
[EventRounds "9"]
[EventCountry "ESP"]
[Source "lmi"]
[SourceDate "2014.07.04"]

1. e4 e5 2. f4 Nc6 3. Nc3 exf4 4. Nf3 g5 5. d4 g4 6. Bc4 gxf3 7. Qxf3 d5 8.
Nxd5 Nxd4 9. Qf2 Ne6 10. Bxf4 Bc5 11. Qg3 Nf6 12. Bxc7 Nxc7 13. Qe5+ Kf8 14.
Nxf6 Qd6 15. Nd7+ Bxd7 16. Qxh8+ Ke7 17. Qxh7 Qf4 18. Rf1 Qe3+ 19. Be2 Rf8 20.
Qh5 Ne6 21. c3 Bc6 22. Qf3 Nd4 23. Qxe3 Nc2+ 24. Kd2 Nxe3 25. Rf3 Rd8+ 0-1

[Event "37. Open Barberá del Vallés 2014"]
[Site "Barberá del Vallés ESP"]
[Date "2014.07.07"]
[Round "4.14"]
[White "Herrera Reyes, Jose Antonio"]
[Black "Matnadze, Ana"]
[Result "0-1"]
[WhiteElo "2239"]
[BlackElo "2389"]
[PlyCount "104"]
[EventDate "2014.07.04"]
[EventType "swiss"]
[EventRounds "9"]
[EventCountry "ESP"]
[Source "lmi"]
[SourceDate "2014.07.04"]

1. g3 d5 2. Bg2 Nf6 3. Nf3 c6 4. O-O Bg4 5. d3 Nbd7 6. c3 e5 7. e4 dxe4 8. dxe4
Be7 9. Qc2 O-O 10. Be3 Qc7 11. Nbd2 Rfd8 12. Rfd1 b5 13. a4 Nc5 14. a5 Na6 15.
Bf1 Bc5 16. Bg5 Bxf3 17. Nxf3 Rxd1 18. Rxd1 Ng4 19. Rd2 f6 20. b4 Bxf2+ 21.
Rxf2 Nxf2 22. Qxf2 fxg5 23. Nxg5 h6 24. Qa2+ Kh8 25. Nf7+ Kh7 26. Qe6 Rf8 27.
Nxe5 Rf6 28. Qe8 Qd6 29. Nd7 Rf3 30. Be2 Nc7 31. Qh5 Rxc3 32. Qf5+ Kg8 33. Bh5
Rc1+ 34. Kg2 Rc2+ 35. Kh3 Qe6 36. Bg4 Qxf5 37. Bxf5 Kf7 38. Kg4 Rxh2 39. Ne5+
Kf6 40. Nxc6 h5+ 41. Kf3 a6 42. Bd7 Rd2 43. e5+ Kf7 44. Bf5 g6 45. Bc8 Rd3+ 46.
Kf4 Rc3 47. Bb7 Rc4+ 48. Kf3 g5 49. Ke2 h4 50. gxh4 gxh4 51. Kd3 h3 52. Nd4 h2
0-1

[Event "37. Open Barberá del Vallés 2014"]
[Site "Barberá del Vallés ESP"]
[Date "2014.07.07"]
[Round "4.15"]
[White "Diaz Camallonga, Carles"]
[Black "Ruiz C, Joshua D"]
[Result "1-0"]
[WhiteElo "2235"]
[BlackElo "2374"]
[PlyCount "101"]
[EventDate "2014.07.04"]
[EventType "swiss"]
[EventRounds "9"]
[EventCountry "ESP"]
[Source "lmi"]
[SourceDate "2014.07.04"]

1. e4 c5 2. Nf3 d6 3. Bb5+ Nd7 4. O-O Ngf6 5. Re1 a6 6. Bf1 b6 7. d4 cxd4 8.
Nxd4 Bb7 9. c4 e6 10. Nc3 Be7 11. f3 O-O 12. Be3 Rc8 13. Rc1 Qc7 14. Qd2 Qb8
15. Red1 Bd8 16. Nb3 Bc7 17. Bf4 Ne5 18. Bxe5 dxe5 19. Kh1 Rfd8 20. Qf2 Bc6 21.
a4 Qb7 22. Qe2 Bd6 23. a5 Bb4 24. axb6 Qxb6 25. c5 Qb7 26. Rxd8+ Rxd8 27. Ra1
Ra8 28. Na2 a5 29. Qc4 Ba4 30. Nxb4 axb4 31. Nc1 g5 32. Nd3 Kg7 33. Qxb4 Bc6
34. Rxa8 Qxa8 35. Qd2 h6 36. Kg1 Nd7 37. Qc3 Kf6 38. Nb4 Nb8 39. Nc2 Qa2 40.
Ne3 h5 41. Nc4 Nd7 42. Na5 Nb8 43. Qb4 Qa1 44. Qb6 Qa4 45. Qd8+ Kg6 46. Nc4 Nd7
47. Qg8+ Kf6 48. Nd6 Qd4+ 49. Kh1 Ke7 50. Qe8+ Kf6 51. Qxf7# 1-0

[Event "37. Open Barberá del Vallés 2014"]
[Site "Barberá del Vallés ESP"]
[Date "2014.07.07"]
[Round "4.16"]
[White "Balague Camps, Marc"]
[Black "Bergez, Luc"]
[Result "1/2-1/2"]
[WhiteElo "2082"]
[BlackElo "2368"]
[PlyCount "93"]
[EventDate "2014.07.04"]
[EventType "swiss"]
[EventRounds "9"]
[EventCountry "ESP"]
[Source "lmi"]
[SourceDate "2014.07.04"]

1. Nf3 g6 2. c4 Bg7 3. g3 e5 4. Bg2 Ne7 5. Nc3 O-O 6. O-O d5 7. cxd5 Nxd5 8.
Qb3 Nb6 9. d3 Be6 10. Qc2 h6 11. Be3 Nc6 12. Bc5 Re8 13. e3 Qd7 14. Rfd1 Bg4
15. Rdc1 Bh3 16. Bh1 Nd8 17. Ba3 Ne6 18. Nd2 c6 19. Nce4 Red8 20. Nd6 Nc8 21.
N2c4 Nxd6 22. Nxd6 Bf8 23. Nc4 Bxa3 24. bxa3 Qxd3 25. Qxd3 Rxd3 26. Nxe5 Rxa3
27. Nc4 Ra6 28. Nd6 Rb8 29. Rc4 Rd8 30. Nxb7 Rxa2 31. Rcc1 Rxa1 32. Rxa1 Rc8
33. Rxa7 c5 34. Nd6 Rd8 35. Ra8 Rxa8 36. Bxa8 Nc7 37. Bg2 Be6 38. Kf1 Kf8 39.
Ke1 Ke7 40. Nb7 c4 41. Kd2 Nb5 42. Bf1 Bd5 43. Na5 Nd6 44. Kc3 Ke6 45. f4 Ne4+
46. Kd4 Nd2 47. Be2 1/2-1/2

[Event "37. Open Barberá del Vallés 2014"]
[Site "Barberá del Vallés ESP"]
[Date "2014.07.07"]
[Round "4.17"]
[White "Akshat, Khamparia"]
[Black "Garriga Cazorla, Pere"]
[Result "1-0"]
[WhiteElo "2367"]
[BlackElo "2222"]
[PlyCount "119"]
[EventDate "2014.07.04"]
[EventType "swiss"]
[EventRounds "9"]
[EventCountry "ESP"]
[Source "lmi"]
[SourceDate "2014.07.04"]

1. d4 Nf6 2. Bg5 Ne4 3. Bf4 c5 4. d5 d6 5. f3 Nf6 6. e4 g6 7. Ne2 Bg7 8. Nec3
O-O 9. Be2 Nbd7 10. Nd2 Rb8 11. a4 Ne8 12. O-O Nc7 13. Nc4 a6 14. Qd2 Nf6 15.
a5 Nb5 16. Na4 Nh5 17. Be3 Nd4 18. Bd1 e5 19. c3 Nb5 20. Nab6 f5 21. exf5 gxf5
22. f4 Nf6 23. fxe5 Ne4 24. Qc2 dxe5 25. Bf3 Ned6 26. Bxc5 Qc7 27. Qf2 e4 28.
Be2 f4 29. Bb4 f3 30. Nxd6 Nxd6 31. gxf3 Rf6 32. Nxc8 Rxc8 33. Kh1 exf3 34. Bd3
Nf7 35. Qg3 Qxg3 36. hxg3 Ng5 37. Rfe1 Bf8 38. Re5 Rh6+ 39. Kg1 Nh3+ 40. Kf1
Bxb4 41. cxb4 Nf4 42. Rg5+ Ng6 43. Kf2 Rf8 44. Bf5 Rh2+ 45. Kxf3 Rxb2 46. Rd1
Kg7 47. g4 Kf6 48. Rh5 Re8 49. Rxh7 Ne5+ 50. Kg3 Nc4 51. Rh6+ Kg7 52. Rdh1 Rxb4
53. Rg6+ Kf8 54. Rh8+ Kf7 55. Rh7+ Kf8 56. Be6 Rb3+ 57. Kh4 Rxe6 58. dxe6 Ne5
59. e7+ Ke8 60. Rg8+ 1-0

[Event "37. Open Barberá del Vallés 2014"]
[Site "Barberá del Vallés ESP"]
[Date "2014.07.07"]
[Round "4.18"]
[White "Martinez Ramirez, Erik"]
[Black "Soto Balastegui, Victor"]
[Result "1-0"]
[WhiteElo "2324"]
[BlackElo "1962"]
[PlyCount "45"]
[EventDate "2014.07.04"]
[EventType "swiss"]
[EventRounds "9"]
[EventCountry "ESP"]
[Source "lmi"]
[SourceDate "2014.07.04"]

1. e4 d6 2. d4 g6 3. Nc3 c6 4. f4 b5 5. Bd3 Nd7 6. Nf3 Nh6 7. O-O Bg7 8. Kh1 f5
9. d5 b4 10. dxc6 Nc5 11. c7 Qxc7 12. Nd5 Qb7 13. e5 Nxd3 14. Qxd3 Be6 15. Rd1
Ng4 16. Kg1 dxe5 17. fxe5 Rd8 18. Nf6+ exf6 19. Qxd8+ Kf7 20. Qa5 Rc8 21. exf6
Bxf6 22. h3 Rc5 23. Qxc5 1-0

[Event "37. Open Barberá del Vallés 2014"]
[Site "Barberá del Vallés ESP"]
[Date "2014.07.07"]
[Round "4.19"]
[White "Dalo, Hermes"]
[Black "Gonzalez Perez, Arian"]
[Result "1/2-1/2"]
[WhiteElo "2226"]
[BlackElo "2494"]
[PlyCount "126"]
[EventDate "2014.07.04"]
[EventType "swiss"]
[EventRounds "9"]
[EventCountry "ESP"]
[Source "lmi"]
[SourceDate "2014.07.04"]

1. d4 Nf6 2. c4 g6 3. Nc3 Bg7 4. e4 O-O 5. Nf3 d6 6. Be2 e5 7. O-O exd4 8. Nxd4
Re8 9. f3 c6 10. Kh1 Nh5 11. g4 Nf6 12. Bg5 Nbd7 13. Qd2 Ne5 14. Rad1 Qb6 15.
Nb3 Be6 16. Qxd6 Nxc4 17. Bxc4 Bxc4 18. Rfe1 Qf2 19. Qf4 Nd5 20. Nxd5 cxd5 21.
Qg3 Qxg3 22. hxg3 dxe4 23. Nd2 Bd3 24. Nxe4 Bxe4 25. fxe4 Bxb2 26. Rb1 Bc3 27.
Rec1 Bd4 28. Rxb7 Rxe4 29. Bf4 Rae8 30. Rb8 Rxb8 31. Bxb8 Bb6 32. g5 Be3 33.
Re1 Re6 34. Kg2 a6 35. Bf4 Bxf4 36. Rxe6 fxe6 37. gxf4 h5 38. gxh6 Kh7 39. Kf3
Kxh6 40. Kg4 a5 41. a4 Kg7 42. Kf3 Kf7 43. Ke3 Ke7 44. Kd4 Kd6 45. Ke4 Ke7 46.
Kd4 Kf6 47. Ke4 e5 48. fxe5+ Ke6 49. Kf4 Kd5 50. Kg5 Kxe5 51. Kxg6 Kf4 52. Kh5
Ke4 53. Kg4 Kd4 54. Kf4 Kc4 55. Ke4 Kb4 56. Kd4 Kxa4 57. Kc4 Ka3 58. Kc3 a4 59.
Kc2 Ka2 60. Kc1 Ka1 61. Kc2 Ka2 62. Kc1 a3 63. Kc2 Ka1 1/2-1/2

[Event "37. Open Barberá del Vallés 2014"]
[Site "Barberá del Vallés ESP"]
[Date "2014.07.07"]
[Round "4.20"]
[White "Raghunandan, Kaumandur Srihari"]
[Black "Radovanovic, Jovica"]
[Result "1/2-1/2"]
[WhiteElo "2148"]
[BlackElo "2330"]
[PlyCount "86"]
[EventDate "2014.07.04"]
[EventType "swiss"]
[EventRounds "9"]
[EventCountry "ESP"]
[Source "lmi"]
[SourceDate "2014.07.04"]

1. d4 Nf6 2. c4 g6 3. Nc3 Bg7 4. e4 d6 5. Nf3 O-O 6. Be2 Nbd7 7. O-O e5 8. d5
Nc5 9. Qc2 a5 10. Bg5 h6 11. Be3 b6 12. Nd2 Bg4 13. Bxg4 Nxg4 14. Bxc5 bxc5 15.
Qd3 h5 16. g3 Qd7 17. f3 Nh6 18. f4 exf4 19. gxf4 Rab8 20. Rab1 f5 21. Qg3 Bd4+
22. Kh1 Qg7 23. Nb5 Rbe8 24. Rbe1 fxe4 25. Nxe4 Nf5 26. Qh3 Bf6 27. Rg1 Bh4 28.
Re2 Kh7 29. Qd3 Rg8 30. Reg2 Qf7 31. Nbc3 Rg7 32. Qh3 Kg8 33. Qd3 Kh7 34. Qh3
Kh6 35. Qd3 Qe7 36. Re2 Qf8 37. b3 Rg8 38. Qh3 Bf6 39. Rge1 Bh4 40. Rg1 Bf6 41.
Rge1 Bh4 42. Rg1 Bf6 43. Rge1 Bh4 1/2-1/2

[Event "37. Open Barberá del Vallés 2014"]
[Site "Barberá del Vallés ESP"]
[Date "2014.07.07"]
[Round "4.21"]
[White "Gurevich, Daniel"]
[Black "Andersen, Alf R"]
[Result "1-0"]
[WhiteElo "2317"]
[BlackElo "2214"]
[PlyCount "87"]
[EventDate "2014.07.04"]
[EventType "swiss"]
[EventRounds "9"]
[EventCountry "ESP"]
[Source "lmi"]
[SourceDate "2014.07.04"]

1. e4 c5 2. Nf3 d6 3. d4 cxd4 4. Nxd4 Nf6 5. Nc3 g6 6. Be3 Bg7 7. f3 Nc6 8. Qd2
O-O 9. O-O-O Bd7 10. g4 Ne5 11. h4 Rc8 12. h5 Nxf3 13. Nxf3 Bxg4 14. Be2 Bxh5
15. Nd4 Bxe2 16. Ndxe2 h5 17. Bh6 Qa5 18. Rdg1 Rc5 19. Bxg7 Kxg7 20. Nd4 Rxc3
21. Nf5+ Kg8 22. Nxe7+ Kh7 23. Qxc3 Qxc3 24. bxc3 Nxe4 25. Rh4 Nc5 26. Rd4 Re8
27. Nd5 Re5 28. Nf6+ Kg7 29. Rxd6 h4 30. Rf1 h3 31. Rd8 Rf5 32. Rxf5 gxf5 33.
Nh5+ Kh7 34. Rd2 Ne4 35. Rh2 Nxc3 36. Kb2 Nd1+ 37. Kb3 Kg6 38. Nf4+ Kg5 39.
Nxh3+ Kg4 40. Rh1 Ne3 41. Nf2+ Kg3 42. Nd3 f4 43. Rg1+ Kh2 44. Rg7 1-0

[Event "37. Open Barberá del Vallés 2014"]
[Site "Barberá del Vallés ESP"]
[Date "2014.07.07"]
[Round "4.22"]
[White "Vehi Bach, Victor Manuel"]
[Black "Chalmeta Ugas, Jordi"]
[Result "1-0"]
[WhiteElo "2313"]
[BlackElo "2187"]
[PlyCount "101"]
[EventDate "2014.07.04"]
[EventType "swiss"]
[EventRounds "9"]
[EventCountry "ESP"]
[Source "lmi"]
[SourceDate "2014.07.04"]

1. e4 e6 2. d4 d5 3. Nc3 Bb4 4. e5 c5 5. a3 Bxc3+ 6. bxc3 Ne7 7. Qg4 Qc7 8.
Qxg7 Rg8 9. Qxh7 cxd4 10. Ne2 Nbc6 11. f4 dxc3 12. Qd3 d4 13. h4 b6 14. Nxd4
Nxd4 15. Qxd4 Bd7 16. Rh3 Nf5 17. Rxc3 Nxd4 18. Rxc7 Rc8 19. Rxc8+ Bxc8 20. Kf2
Bb7 21. Bd2 Nf5 22. Rd1 Nxh4 23. Bb4 Bc6 24. Rd6 Bd7 25. Rd3 Bc6 26. g3 Ng6 27.
Rd6 Ne7 28. Bg2 Bxg2 29. Kxg2 Nd5 30. Bd2 Nc7 31. c4 Na6 32. Be3 Ke7 33. c5
Nxc5 34. Bxc5 bxc5 35. Rc6 Kd7 36. Rxc5 Rb8 37. Rc3 a5 38. Rc5 a4 39. Rc4 Ra8
40. Kh3 Ke7 41. Kg4 Kf8 42. Kg5 Kg7 43. g4 Ra5 44. Rc7 Rd5 45. Ra7 Rc5 46. Kh5
Rc4 47. f5 exf5 48. gxf5 Kg8 49. Kg5 Rc1 50. Kf6 Rf1 51. Rxa4 1-0

[Event "37. Open Barberá del Vallés 2014"]
[Site "Barberá del Vallés ESP"]
[Date "2014.07.07"]
[Round "4.23"]
[White "Coimbra, Margarida"]
[Black "Martinez Alcantara, Jose Eduar"]
[Result "1/2-1/2"]
[WhiteElo "2071"]
[BlackElo "2295"]
[PlyCount "71"]
[EventDate "2014.07.04"]
[EventType "swiss"]
[EventRounds "9"]
[EventCountry "ESP"]
[Source "lmi"]
[SourceDate "2014.07.04"]

1. e4 c5 2. c3 Nf6 3. e5 Nd5 4. d4 cxd4 5. Nf3 e6 6. cxd4 b6 7. Bd3 Bb7 8. O-O
d6 9. Bg5 Be7 10. Bxe7 Qxe7 11. Nbd2 O-O 12. Rc1 dxe5 13. dxe5 Nf4 14. Be4 Rd8
15. Bxb7 Qxb7 16. Rc4 Nd3 17. Qc2 Na6 18. a3 b5 19. Rc3 Nf4 20. Ne4 b4 21. Rc4
b3 22. Qb1 Ne2+ 23. Kh1 Qd5 24. Ned2 Rac8 25. Re4 Nc5 26. Rxe2 Nd3 27. Ne4 Rc2
28. Nc3 Qc4 29. Kg1 Rxe2 30. Nxe2 Nxe5 31. Nxe5 Qxe2 32. Re1 Qc2 33. Nf3 f6 34.
Rc1 Qe2 35. Re1 Qc2 36. Rc1 1/2-1/2

[Event "37. Open Barberá del Vallés 2014"]
[Site "Barberá del Vallés ESP"]
[Date "2014.07.07"]
[Round "4.24"]
[White "Perez Manas, Benjamin"]
[Black "Pozanco Romasanta, Marc"]
[Result "1-0"]
[WhiteElo "2290"]
[BlackElo "2088"]
[PlyCount "141"]
[EventDate "2014.07.04"]
[EventType "swiss"]
[EventRounds "9"]
[EventCountry "ESP"]
[Source "lmi"]
[SourceDate "2014.07.04"]

1. e4 c6 2. d4 d5 3. Nc3 dxe4 4. Nxe4 Nf6 5. Nxf6+ exf6 6. c3 Bd6 7. Bd3 O-O 8.
Ne2 Re8 9. h3 Be6 10. O-O Qc7 11. Be3 Nd7 12. c4 Nf8 13. c5 Be7 14. b4 Qd7 15.
Qb1 f5 16. Rd1 Bf6 17. a4 Ng6 18. Ra3 Ne7 19. Bf4 Nd5 20. Bd6 Be7 21. Bg3 h5
22. b5 h4 23. bxc6 bxc6 24. Be5 a5 25. Qc1 f6 26. Bf4 g5 27. Bd2 f4 28. Bg6
Reb8 29. Be4 f5 30. Bf3 Nf6 31. Qc2 Kg7 32. d5 Nxd5 33. Bc3+ Kg6 34. Be5 Rd8
35. Bb2 Qa7 36. Nd4 Nb4 37. Qe2 Bg8 38. Bh5+ Kh7 39. Nxf5 Rxd1+ 40. Qxd1 Bxc5
41. Qb1 Bxf2+ 42. Kh1 Qc5 43. Rc3 Ba2 44. Qe4 Bd5 45. Qb1 Ba2 46. Qe4 Bd5 47.
Bg6+ Kxg6 48. Ne7+ Kf7 49. Qh7+ Ke6 50. Rxc5 Bxc5 51. Nxd5 Nxd5 52. Qg6+ Kd7
53. Qxg5 Rd8 54. Qg4+ Kd6 55. Qg6+ Kd7 56. Be5 Re8 57. Qf5+ Re6 58. Qg4 Be3 59.
Kh2 c5 60. Bb2 c4 61. Qxh4 Rc6 62. Qh7+ Ne7 63. Qe4 Nc8 64. Bc3 Nd6 65. Qh7+
Ke6 66. Qg6+ Kd7 67. h4 Rb6 68. h5 Rb3 69. h6 Ne4 70. Qxe4 Rxc3 71. h7 1-0

[Event "37. Open Barberá del Vallés 2014"]
[Site "Barberá del Vallés ESP"]
[Date "2014.07.07"]
[Round "4.25"]
[White "Bas Mas, Jose Joaquin"]
[Black "Tadevosyan, Galust"]
[Result "1/2-1/2"]
[WhiteElo "2278"]
[BlackElo "1843"]
[PlyCount "110"]
[EventDate "2014.07.04"]
[EventType "swiss"]
[EventRounds "9"]
[EventCountry "ESP"]
[Source "lmi"]
[SourceDate "2014.07.04"]

1. e4 e6 2. d4 d5 3. Nd2 Nf6 4. e5 Nfd7 5. c3 c5 6. Bd3 Nc6 7. Ne2 cxd4 8. cxd4
f6 9. exf6 Nxf6 10. Nf3 Bd6 11. O-O O-O 12. Bf4 Bxf4 13. Nxf4 Qc7 14. Qc1 Ne4
15. Ne2 Bd7 16. Qe3 e5 17. Nxe5 Nxe5 18. dxe5 Qxe5 19. Bxe4 Qxe4 20. Qxe4 dxe4
21. Nc3 Bc6 22. Rad1 Rad8 23. Rfe1 Rfe8 24. h3 Kf7 25. Rxd8 Rxd8 26. Nxe4 Bxe4
27. Rxe4 Rd1+ 28. Kh2 Rd2 29. Rb4 b6 30. Kg3 Kf6 31. Kf3 Rc2 32. h4 h6 33. h5
Kg5 34. Rg4+ Kf6 35. Rb4 Kg5 36. Rb5+ Kf6 37. g4 Rc4 38. Kg3 Rc1 39. a4 Rc2 40.
f3 Rd2 41. b3 Rd3 42. Kf4 Rc3 43. Ke4 Ke6 44. f4 Rg3 45. g5 hxg5 46. fxg5 Rh3
47. a5 Rh4+ 48. Kf3 bxa5 49. Rxa5 Rb4 50. Rxa7 Rxb3+ 51. Ke4 Rb4+ 52. Ke3 Rb3+
53. Kd4 Rb4+ 54. Kc5 Rh4 55. Rxg7 Rxh5 1/2-1/2

[Event "37. Open Barberá del Vallés 2014"]
[Site "Barberá del Vallés ESP"]
[Date "2014.07.07"]
[Round "4.26"]
[White "Rojano Alfonso, Carlos"]
[Black "Jareno Badenas, Aleix"]
[Result "1/2-1/2"]
[WhiteElo "2213"]
[BlackElo "2064"]
[PlyCount "108"]
[EventDate "2014.07.04"]
[EventType "swiss"]
[EventRounds "9"]
[EventCountry "ESP"]
[Source "lmi"]
[SourceDate "2014.07.04"]

1. d4 Nf6 2. c4 e6 3. Nf3 c5 4. e3 d5 5. Nc3 cxd4 6. Nxd4 Nc6 7. cxd5 Nxd5 8.
Bb5 Nxc3 9. bxc3 Bd7 10. O-O Nxd4 11. Bxd7+ Qxd7 12. cxd4 Bd6 13. Qb3 O-O 14.
Rb1 b6 15. e4 Rac8 16. Bb2 Qc6 17. d5 exd5 18. exd5 Qc4 19. Rbc1 Qxb3 20. axb3
Rfe8 21. g3 Kf8 22. Kg2 f6 23. Kf3 Ke7 24. Rc4 Rxc4 25. bxc4 Kd7 26. Bd4 Be5
27. Be3 Rc8 28. Rc1 Kd6 29. Ke4 g6 30. Rc2 f5+ 31. Kd3 b5 32. cxb5 Rxc2 33.
Kxc2 Kxd5 34. Bxa7 Kc4 35. b6 Bd4 36. f3 Bc5 37. Kd2 Kd4 38. Ke2 h5 39. Kd2 Kc4
40. Ke2 Kd4 41. Kf2 Kd3+ 42. Kg2 Ke2 43. h4 Bd4 44. g4 Bc5 45. gxh5 gxh5 46.
Kg3 Bd6+ 47. Kh3 Bc5 48. Kg2 Bd4 49. Bb8 Bxb6 50. Kg3 Bf2+ 51. Kf4 Bxh4 52.
Kxf5 Kxf3 53. Bf4 Bg3 54. Bg5 h4 1/2-1/2

[Event "37. Open Barberá del Vallés 2014"]
[Site "Barberá del Vallés ESP"]
[Date "2014.07.07"]
[Round "4.27"]
[White "Messina, Roberta"]
[Black "Ryan, Joseph"]
[Result "1/2-1/2"]
[WhiteElo "2057"]
[BlackElo "2285"]
[PlyCount "198"]
[EventDate "2014.07.04"]
[EventType "swiss"]
[EventRounds "9"]
[EventCountry "ESP"]
[Source "lmi"]
[SourceDate "2014.07.04"]

1. Nf3 g6 2. d4 Bg7 3. g3 d6 4. Bg2 Nd7 5. c4 e5 6. e4 Ne7 7. Nc3 O-O 8. O-O
exd4 9. Nxd4 Nc6 10. Be3 Nde5 11. Nxc6 bxc6 12. Qa4 c5 13. h3 Bd7 14. Qa6 Qc8
15. Qxc8 Bxc8 16. b3 Nxc4 17. bxc4 Bxc3 18. Rab1 Ba6 19. Rfc1 Bg7 20. e5 Rab8
21. exd6 cxd6 22. Bd5 Bb2 23. Rd1 Rb6 24. Bg5 Rfb8 25. Rd3 Kg7 26. Be7 Bd4 27.
Rxb6 Rxb6 28. Rf3 f5 29. Rb3 Bc8 30. Rxb6 axb6 31. Bd8 f4 32. gxf4 Bxh3 33.
Bxb6 Bd7 34. Bc7 Kf6 35. Bxd6 h5 36. Bc7 Kf5 37. Bg2 Ba4 38. Kf1 Bf6 39. Ke2 h4
40. f3 g5 41. Bh3+ Kg6 42. fxg5 Kxg5 43. Bd6 Bc2 44. Bxc5 Bf5 45. Be3+ Kg6 46.
Bxf5+ Kxf5 47. Kf2 Ke6 48. Kg2 Be7 49. a4 Bd8 50. Kh3 Kf5 51. Bd2 Ke5 52. a5
Kd4 53. a6 Bb6 54. Kxh4 Kxc4 55. f4 Kb5 56. f5 Kxa6 57. Kh5 Bd4 58. Kg6 Kb7 59.
Kf7 Kc6 60. Ke6 Kc7 61. Bg5 Kc8 62. Bf6 Be3 63. Be7 Bd4 64. Bd6 Kd8 65. Bf4 Ke8
66. Bd6 Bc3 67. Bf4 Bd4 68. Bg5 Bc3 69. Bf6 Bd2 70. Bh8 Bg5 71. Bg7 Bh4 72. Bh6
Bd8 73. Be3 Bh4 74. Bd4 Bg5 75. Bc3 Bh4 76. Bd2 Bd8 77. Be1 Bg5 78. Bg3 Bd8 79.
Be5 Bg5 80. Bc3 Bh4 81. Bd2 Bd8 82. Bc3 Bg5 83. Ba5 Bh4 84. Bc7 Bg5 85. Bg3 Bd8
86. Bd6 Bg5 87. Bc5 Bh4 88. Ba3 Bg5 89. Bb2 Bh4 90. Ke5 Kf7 91. Kf4 Be7 92. Kg4
Bd8 93. Kh5 Be7 94. Be5 Bd8 95. Kg4 Be7 96. Bf4 Bf6 97. Bg5 Bc3 98. f6 Bxf6 99.
Bxf6 Kxf6 1/2-1/2

[Event "37. Open Barberá del Vallés 2014"]
[Site "Barberá del Vallés ESP"]
[Date "2014.07.07"]
[Round "4.28"]
[White "Capellades Subirana, Marc"]
[Black "Garcia Acosta, Roger"]
[Result "1-0"]
[WhiteElo "2211"]
[BlackElo "2054"]
[PlyCount "121"]
[EventDate "2014.07.04"]
[EventType "swiss"]
[EventRounds "9"]
[EventCountry "ESP"]
[Source "lmi"]
[SourceDate "2014.07.04"]

1. e4 e5 2. Nf3 Nc6 3. Bc4 Nf6 4. d3 Be7 5. Nbd2 d6 6. c3 O-O 7. Bb3 Na5 8. Bc2
c5 9. O-O Qc7 10. d4 a6 11. d5 c4 12. b4 cxb3 13. axb3 b5 14. Bb2 Bd7 15. Nh4
Rfc8 16. Qe2 b4 17. c4 Nb7 18. Nf5 Bxf5 19. exf5 Nxd5 20. Ne4 Nf6 21. f4 Re8
22. Kh1 Nc5 23. Nxc5 Qxc5 24. fxe5 dxe5 25. Qxe5 Qxe5 26. Bxe5 Ng4 27. Bd4 Bf6
28. Bxf6 Nxf6 29. Kg1 Re2 30. Rf2 Re5 31. h3 Nd7 32. Rd2 Nc5 33. Ra5 Kf8 34.
Rd6 Rc8 35. f6 gxf6 36. Rxf6 Kg7 37. Rb6 Re2 38. Bf5 Nxb3 39. Bxc8 Nxa5 40.
Rxb4 Nc6 41. Rb6 Ne5 42. Bxa6 Rc2 43. Rb4 Kf6 44. Ra4 Ke6 45. Bb5 Kd6 46. Ra6+
Kc5 47. Rf6 Kd4 48. Kh2 Rc3 49. Rd6+ Ke4 50. Rf6 Kd4 51. Rf4+ Kc5 52. Rh4 Nxc4
53. Bxc4 Rxc4 54. Rxh7 Rf4 55. Kg3 Rf6 56. Rh4 Kd6 57. Re4 Rg6+ 58. Kf3 Kd5 59.
Re2 Rh6 60. Kg4 f6 61. Kf5 1-0

[Event "37. Open Barberá del Vallés 2014"]
[Site "Barberá del Vallés ESP"]
[Date "2014.07.07"]
[Round "4.29"]
[White "Hagesather, Ellen"]
[Black "Fernandez Aguilar, Francisco"]
[Result "1-0"]
[WhiteElo "2182"]
[BlackElo "2049"]
[PlyCount "83"]
[EventDate "2014.07.04"]
[EventType "swiss"]
[EventRounds "9"]
[EventCountry "ESP"]
[Source "lmi"]
[SourceDate "2014.07.04"]

1. e4 e5 2. Nf3 Nc6 3. Bb5 f5 4. d3 fxe4 5. dxe4 Nf6 6. O-O Bc5 7. Qd3 d6 8.
Qc4 Qe7 9. Nc3 Bd7 10. Nd5 Nxd5 11. exd5 Nd4 12. Nxd4 Bxd4 13. Bxd7+ Qxd7 14.
a4 a6 15. Be3 Bxe3 16. fxe3 O-O-O 17. Rf3 Rdf8 18. Raf1 Qe7 19. Qe4 g6 20. a5
Kb8 21. c4 Qe8 22. b3 Qe7 23. h3 Rhg8 24. Qg4 Rh8 25. Kh2 Rxf3 26. Qxf3 Rc8 27.
Qf6 Qd7 28. Qf7 Rd8 29. Kg3 c6 30. e4 cxd5 31. Qxd5 Qc7 32. Rf6 Rd7 33. b4 Qd8
34. Rf3 Qc7 35. Qe6 Qd8 36. h4 Ka7 37. Rd3 Rc7 38. c5 Qf8 39. Rf3 Qh6 40. cxd6
Rc2 41. d7 Rxg2+ 42. Kxg2 1-0

[Event "37. Open Barberá del Vallés 2014"]
[Site "Barberá del Vallés ESP"]
[Date "2014.07.07"]
[Round "4.30"]
[White "Garcia Ramos, Daniel"]
[Black "Anguera Maestro, Jaime"]
[Result "1-0"]
[WhiteElo "1975"]
[BlackElo "2179"]
[PlyCount "147"]
[EventDate "2014.07.04"]
[EventType "swiss"]
[EventRounds "9"]
[EventCountry "ESP"]
[Source "lmi"]
[SourceDate "2014.07.04"]

1. e4 e5 2. Nf3 Nc6 3. Bb5 a6 4. Ba4 d6 5. c3 Bd7 6. d4 Nge7 7. O-O Ng6 8. Re1
Be7 9. Be3 O-O 10. Nbd2 b6 11. Bc2 Bf6 12. Nf1 Bg4 13. d5 Nb8 14. h3 Bc8 15.
Qd2 Nh4 16. Bd1 Nxf3+ 17. Bxf3 h6 18. c4 Bg5 19. Bxg5 hxg5 20. Ne3 g6 21. b4 f5
22. Rac1 g4 23. hxg4 f4 24. Nf1 Qh4 25. c5 Ra7 26. Rc3 bxc5 27. bxc5 Nd7 28. c6
Nf6 29. g3 Qg5 30. Bg2 Nxg4 31. f3 Nf6 32. g4 Kg7 33. Rb3 Ra8 34. Qa5 Ne8 35.
Reb1 Kh6 36. Nh2 Qe7 37. Rb8 Rxb8 38. Rxb8 Nf6 39. Bf1 Re8 40. Bxa6 Bxa6 41.
Rxe8 Nxe8 42. Qxa6 Qh4 43. Qe2 Qd8 44. Qf2 Kg7 45. Qa7 Qh4 46. Nf1 Qe1 47. Qf2
Qa5 48. Kg2 Qa3 49. Qc2 Nf6 50. Nd2 Nxg4 51. fxg4 Qg3+ 52. Kf1 f3 53. Qd3 Qg2+
54. Ke1 f2+ 55. Kd1 Qxg4+ 56. Qe2 Qf4 57. a4 g5 58. a5 g4 59. a6 g3 60. Nf3 g2
61. Qxf2 Qxf3+ 62. Qxf3 g1=Q+ 63. Ke2 Qa1 64. Qd3 Qa2+ 65. Kf3 Kf6 66. Kg3 Ke7
67. Qf1 Qa5 68. Kg4 Qa4 69. Kf5 Qa3 70. Qg2 Qxa6 71. Qg7+ Ke8 72. Qd7+ Kf8 73.
Qd8+ Kg7 74. Qxc7+ 1-0

[Event "37. Open Barberá del Vallés 2014"]
[Site "Barberá del Vallés ESP"]
[Date "2014.07.07"]
[Round "4.31"]
[White "Jordan Arenas, Manuel"]
[Black "Masferrer Niubo, Enric"]
[Result "1/2-1/2"]
[WhiteElo "2175"]
[BlackElo "1996"]
[PlyCount "60"]
[EventDate "2014.07.04"]
[EventType "swiss"]
[EventRounds "9"]
[EventCountry "ESP"]
[Source "lmi"]
[SourceDate "2014.07.04"]

1. d4 Nf6 2. c4 g6 3. Nc3 Bg7 4. e4 d6 5. Nf3 O-O 6. h3 e5 7. d5 Na6 8. Bg5 Qe8
9. Bd3 Nc5 10. O-O a5 11. Bc2 Bd7 12. Re1 Nh5 13. Qd2 a4 14. Rab1 Qc8 15. b4
axb3 16. axb3 f5 17. b4 fxe4 18. Nxe4 Nxe4 19. Bxe4 Nf4 20. Rb3 Bf5 21. Bxf4
Bxe4 22. Rxe4 Ra1+ 23. Kh2 Qf5 24. Qe2 exf4 25. Re7 Rf7 26. Rxf7 Kxf7 27. Qe6+
Qxe6 28. Ng5+ Ke7 29. Nxe6 Be5 30. Ng5 h5 1/2-1/2